| 000 | 01333nam1a2200325 4500 | ||
|---|---|---|---|
| 001 | RU\NLR\BIBL_A\022619917 | ||
| 005 | 20260531091938.0 | ||
| 035 | _a(NLR Aleph) 022619917 | ||
| 090 |
_a13713603 _c13713603 |
||
| 100 | _a20250911g20259999k y0rusy50 ca | ||
| 101 | 0 | _arus | |
| 102 | _aRU | ||
| 105 | _a z | ||
| 181 | 0 |
_ai3 _baxxe |
|
| 182 | 0 | _an | |
| 200 | 1 |
_aЧтения о религиозно-политических взглядах ветхозаветных пророков и платоно-пифагорейском государстве _fТ. Г. Сидаш |
|
| 203 |
_aТекст _bвизуальный _cнепосредственный |
||
| 210 |
_aСанкт-Петербург _cКвадривиум _aСаратов _cАмирит _d2025- |
||
| 215 | _d22 | ||
| 225 | 1 | _aSeria Hellenica | |
| 606 | 1 |
_aАнтичный мир _xКультура _xФилософские вопросы _92284917 _3RU\NLR\AUTH\6601596688 |
|
| 606 | 1 |
_aПророки иудейские _92362025 _3RU\NLR\AUTH\661410422 |
|
| 686 | 1 | _aЮ3(0)32 | |
| 686 | 1 | _aЭ36-332-025.74 | |
| 700 | 1 |
_7ca _8rus _aСидаш _bТ. Г. _f1972- _gТарас Геннадьевич _979455 _3RU\NLR\AUTH\7796529 |
|
| 852 |
_aNLR _j2025-5/7400 |
||
| 942 | _cBOOK | ||
| 980 | _aNB | ||